Edgar Degas
Αποθηκεύτηκε σε:
| Άλλοι συγγραφείς: | |
|---|---|
| Μορφή: | Βιβλίο |
| Γλώσσα: | English Russian |
| Δημοσίευση: |
New York : Leningrad :
Harry N. Abrams ;, Auroroa Art Pub.,
c1982
|
| Σειρά: | Masters of world painting
|
| Θέματα: | |
| Ετικέτες: |
Προσθήκη ετικέτας
Δεν υπάρχουν, Καταχωρήστε ετικέτα πρώτοι!
|
MARC
| LEADER | 00000cam a2200000 i 4500 | ||
|---|---|---|---|
| 001 | 1/68505 | ||
| 008 | 150309s1982 eng d | ||
| 020 | |a 0-8109-2260-6 | ||
| 035 | |l 10121369 | ||
| 040 | |a GR-MY-UA |b gre |e aacr | ||
| 041 | 0 | |a eng |h rus | |
| 082 | 0 | |a 700.92 |2 (23) | |
| 245 | 1 | 0 | |a Edgar Degas / |c text and selection by Asia Kantor-Gukovskaya ; translated from the russian by Vladimir Pozner |
| 260 | |a New York : |a Leningrad : |b Harry N. Abrams ;, |b Auroroa Art Pub., |c c1982 | ||
| 300 | |a 12, [14]σ. με πίν.; |b εικ.; |c 32 εκ. | ||
| 490 | 1 | |a Masters of world painting | |
| 600 | 1 | 0 | |a Degas Edgar |d 1834-1917. |
| 700 | 1 | |a Kantor-Gukovskaia, A. S. |q (Asia Solomonovna) | |
| 830 | 0 | |a Masters of world painting | |
| 852 | |a INST |b SYROS |e 20150317 |h 700.92 DEG |p 005500012146 |q 005500012146 |t BK |y 0 | ||
| 901 | |a BIBL5-2015-1 | ||
| 909 | |a Ε |b 187373 | ||
| 970 | |a ΚΟΝΤΟΥ |b ΠΑΡΑΣΚΕΥΗ |z 2015/03/09 | ||